| 000 | 00931nam a2200205 u 4500 | ||
|---|---|---|---|
| 001 | 000062141 | ||
| 005 | 20200120224203.0 | ||
| 008 | 140716s2002 ck gr| 000 0 spa d | ||
| 041 | 0 | _aCspa | |
| 043 | _ac-k---- | ||
| 082 | 0 | 4 |
_a711.4 _bP71 _221 |
| 110 | 2 |
_aPrimer Foro Internacional La Vivienda como Eje Articulador del Desarrollo Humano _b(2002 : Cartagena de Indias) |
|
| 245 | 1 | 0 |
_aColombia, un país en construcción / _cPrimer Foro Internacional La Vivienda como Eje Articulador del Desarrollo Humano, Cartagena de Indias, Julio 31-Agosto 2 de 2002. _h[recurso electrónico] |
| 260 |
_aCartagena de Indias : _bFondo Nacional del Ahorro : MinDesarrollo : UNDP, _c2002. |
||
| 300 |
_a1 CD-Rom ; _e12 cm. |
||
| 650 | 1 | 7 |
_aVivienda de interes social _xLegislación _zColombia _2LEMB |
| 650 | 2 | 7 |
_aVivienda _vColombia _2LEMB |
| 650 | 2 | 7 |
_aDesarrollo sostenible _zColombia _2LEMB |
| 650 | 2 | 7 |
_aPréstamos bancarios _xVivienda _zColombia _2LEMB |
| 999 |
_c8399 _d8399 |
||